[Event "SG Turm Raesfeld/Erle 1 - SK Münster 3"]
[Site "Regionalliga 2016/2017"]
[Date "2017.02.04"]
[Round "6.4"]
[White "Pollok, Ralf"]
[Black "Wingenfeld, Klaus"]
[Result "1-0"]
[WhiteElo "1956"]
[BlackElo "1888"]
[PlyCount "71"]
[EventDate "2017.??.??"]
[SourceDate "2016.10.07"]

1. d4 Nf6 2. c4 e6 3. Nf3 d5 4. Nc3 c6 5. Bg5 h6 6. Bh4 Be7 7. e3 Nbd7 8. Bd3
dxc4 9. Bxc4 Nd5 10. Bxe7 Qxe7 11. Rc1 O-O 12. O-O Nxc3 13. Rxc3 e5 14. dxe5
Nxe5 15. Nxe5 Qxe5 16. f4 Qf6 17. f5 b5 18. Bb3 Rd8 19. Rd3 Rxd3 20. Qxd3 a5
21. e4 a4 22. e5 Qe7 23. Bc2 Qc5+ 24. Kh1 Qd5 25. Qg3 Bb7 26. f6 g5 27. Rd1 Qc4
28. Bd3 Qf4 29. Qxf4 gxf4 30. Be4 Re8 31. Rd7 Ba8 32. Kg1 Kf8 33. Ra7 Rb8 34.
Kf2 Bb7 35. Kf3 Ke8 36. Rxb7 1-0

[Event "SG Turm Raesfeld/Erle 1 - SK Münster 3"]
[Site "Regionalliga 2016/2017"]
[Date "2017.02.04"]
[Round "6.5"]
[White "Meyer, Ulrich"]
[Black "Borutta, Niklas"]
[Result "0-1"]
[WhiteElo "1961"]
[BlackElo "2047"]
[PlyCount "134"]
[EventDate "2017.??.??"]
[SourceDate "2016.10.07"]

1. d4 Nf6 2. Bg5 d5 3. Bxf6 exf6 4. e3 c5 5. dxc5 Nc6 6. c3 Bxc5 7. Nf3 O-O 8.
Be2 Be6 9. Nbd2 Qe7 10. O-O Rfd8 11. Nb3 Bd6 12. Nbd4 Rac8 13. Bd3 g6 14. Re1
f5 15. g3 Kg7 16. Re2 h6 17. Qf1 Nb8 18. Nh4 Qf6 19. Qg2 Nd7 20. Rae1 Ne5 21.
Bb1 Nc6 22. a3 Bb8 23. Rd2 Ne5 24. Ba2 a6 25. Red1 b5 26. Nhf3 Nc4 27. Re2 Nd6
28. Ne1 Nc4 29. Nd3 Qe7 30. Nb4 Rd6 31. Rde1 a5 32. Nd3 Rb6 33. Bb1 Bd6 34. f3
Bd7 35. Nf4 Bxf4 36. gxf4 Qf6 37. Qg3 b4 38. axb4 axb4 39. b3 Nd6 40. cxb4 Rxb4
41. Qf2 Nb5 42. Nxb5 Bxb5 43. Rd2 Rxb3 44. Rxd5 Qc3 45. Rd2 Qb4 46. Ba2 Rbc3
47. e4 Rxf3 48. Qa7 Rf8 49. Qd4+ Qxd4+ 50. Rxd4 Rxf4 51. Bd5 Rc8 52. Rb4 Rg4+
53. Kf2 Rc2+ 54. Ke3 Be8 55. Rb8 Bd7 56. Rb7 Be8 57. Rb8 Bc6 58. Rc8 Ba4 59.
Ra8 Bb3 60. Rb1 Bxd5 61. exd5 Rxh2 62. Rd1 Re4+ 63. Kf3 Rhe2 64. d6 Re8 65. Ra7
R2e6 66. d7 Rd8 67. Rc7 Kf6 0-1

[Event "SG Turm Raesfeld/Erle 1 - SK Münster 3"]
[Site "Regionalliga 2016/2017"]
[Date "2017.02.04"]
[Round "6.7"]
[White "Vogenauer, Nikolas"]
[Black "Bölker, Franz"]
[Result "0-1"]
[WhiteElo "1665"]
[BlackElo "1798"]
[PlyCount "88"]
[EventDate "2017.??.??"]
[SourceDate "2016.10.07"]

1. e4 c5 2. Nf3 d6 3. d4 cxd4 4. Nxd4 Nf6 5. Nc3 a6 6. Be3 Qc7 7. f3 e6 8. Qd2
Be7 9. O-O-O Nc6 10. g4 Ne5 11. g5 Nfd7 12. f4 Nc4 13. Bxc4 Qxc4 14. f5 Ne5 15.
Rdf1 Ng4 16. Kb1 Nxe3 17. Qxe3 Bxg5 18. Qxg5 Qxd4 19. f6 g6 20. Rd1 Qe5 21. Qh4
Bd7 22. Rd3 O-O-O 23. Qf2 Kb8 24. Rhd1 Bc6 25. Qd2 Kc7 26. a4 Rd7 27. Nd5+ exd5
28. exd5 Bxd5 29. Rxd5 Qxf6 30. Qa5+ Kb8 31. b4 Qd8 32. Qxd8+ Rhxd8 33. Kb2 Kc7
34. Kb3 Re8 35. R1d2 f5 36. b5 Re5 37. Kc4 axb5+ 38. axb5 Rxd5 39. Kxd5 Re7 40.
c4 f4 41. h4 h6 42. Rg2 g5 43. hxg5 hxg5 44. Rxg5 Re5+ 0-1

[Event "SG Turm Raesfeld/Erle 1 - SK Münster 3"]
[Site "Regionalliga 2016/2017"]
[Date "2017.02.04"]
[Round "6.8"]
[White "Fasselt, Hendrik"]
[Black "Kamp, Aaron"]
[Result "1-0"]
[WhiteElo "1822"]
[BlackElo "1702"]
[PlyCount "91"]
[EventDate "2017.??.??"]
[SourceDate "2016.10.07"]

1. b3 d5 2. Bb2 c5 3. e3 Nc6 4. Nf3 Bg4 5. Be2 Bxf3 6. Bxf3 e5 7. O-O Nf6 8. d3
Qd7 9. Nd2 Bd6 10. c4 d4 11. Re1 O-O 12. a3 Qc7 13. h3 Nd7 14. Ne4 f5 15. Ng5
Rf6 16. Bd5+ Kh8 17. Nf7+ Rxf7 18. Bxf7 Rf8 19. Bd5 Nf6 20. e4 fxe4 21. Bxe4
Nxe4 22. Rxe4 Qf7 23. Qc2 Nd8 24. Rae1 Ne6 25. Bc1 Qf5 26. Qe2 b6 27. Rf1 h6
28. Qg4 Qf6 29. g3 g5 30. Bd2 Ng7 31. h4 h5 32. Qxg5 Qxg5 33. Bxg5 Rf3 34. Rd1
Ne6 35. Kg2 Nxg5 36. hxg5 Rf5 37. Rh1 Rxg5 38. Reh4 Kg8 39. Rxh5 Rg7 40. Rh8+
Kf7 41. R8h7 Be7 42. Kf3 Bf6 43. Rxg7+ Kxg7 44. Ke4 Kg6 45. f4 exf4 46. gxf4
1-0

[Event "SC Gronau 1 - SK Dülmen 1"]
[Site "Regionalliga 2016/2017"]
[Date "2017.02.04"]
[Round "6.1"]
[White "Eiersbrock, Robin"]
[Black "Monsma, Menno"]
[Result "1/2-1/2"]
[WhiteElo "2003"]
[BlackElo "2033"]
[PlyCount "121"]
[EventDate "2017.??.??"]
[SourceDate "2016.10.07"]

1. d4 Nf6 2. c4 e6 3. Nc3 Bb4 4. e3 b6 5. Nge2 Ne4 6. Qc2 Bb7 7. a3 Bxc3+ 8.
Nxc3 f5 9. Nxe4 Bxe4 10. Bd3 Bxd3 11. Qxd3 Qf6 12. O-O O-O 13. Bd2 d6 14. Bc3
Nd7 15. a4 a5 16. b4 axb4 17. Bxb4 Ra7 18. Ra3 Rfa8 19. Rfa1 Nb8 20. a5 bxa5
21. Bxa5 Qf7 22. Bd2 Rxa3 23. Rxa3 Rxa3 24. Qxa3 Qd7 25. Qa8 Qc8 26. h3 Kf7 27.
c5 Ke7 28. e4 fxe4 29. Qxe4 h6 30. Qg6 Qf8 31. cxd6+ cxd6 32. Qe4 Qf5 33. f3
Qxe4 34. fxe4 d5 35. Kf2 Nc6 36. Ke3 Kf6 37. Bc3 Ne7 38. Kf3 Ng6 39. g4 Nh8 40.
exd5 exd5 41. Bd2 Nf7 42. Bf4 Ke6 43. Ke3 Kd7 44. h4 Ke6 45. Kd3 g6 46. Kc3 h5
47. gxh5 gxh5 48. Kb4 Kf5 49. Bc1 Ke4 50. Kc5 Nd8 51. Kd6 Kxd4 52. Ke7 Nc6+ 53.
Kf6 Ke4 54. Kg5 Nd4 55. Kxh5 Kf5 56. Be3 Nf3 57. Bf2 d4 58. Bxd4 Nxd4 59. Kh6
Ne6 60. Kh7 Kf6 61. Kg8 1/2-1/2

[Event "SC Gronau 1 - SK Dülmen 1"]
[Site "Regionalliga 2016/2017"]
[Date "2017.02.04"]
[Round "6.2"]
[White "Lütkehermölle, Martin"]
[Black "Grund, Wolfgang"]
[Result "1-0"]
[WhiteElo "1973"]
[BlackElo "1898"]
[PlyCount "61"]
[EventDate "2017.??.??"]
[SourceDate "2016.10.07"]

1. e4 c5 2. Nf3 Nc6 3. d4 cxd4 4. Nxd4 e5 5. Nb5 d6 6. N1c3 Nf6 7. Bg5 a6 8.
Na3 Be7 9. Nc4 Be6 10. Bxf6 gxf6 11. Ne3 Qa5 12. Be2 Rg8 13. O-O Nd4 14. Kh1
Rc8 15. Bd3 b5 16. Ncd5 Qd8 17. c3 Nc6 18. a4 Rb8 19. axb5 axb5 20. Qe2 b4 21.
Bb5 Bd7 22. Nf5 Bf8 23. Ra6 Rxb5 24. Qxb5 Nb8 25. Nxf6+ Qxf6 26. Qxb8+ Qd8 27.
Nxd6+ Bxd6 28. Qxd6 f6 29. Qd5 Rg7 30. Ra8 Bc8 31. Qc6+ 1-0

[Event "SC Gronau 1 - SK Dülmen 1"]
[Site "Regionalliga 2016/2017"]
[Date "2017.02.04"]
[Round "6.3"]
[White "Rebber, Christian"]
[Black "Langendijk, Andre"]
[Result "1/2-1/2"]
[WhiteElo "1898"]
[BlackElo "1939"]
[PlyCount "202"]
[EventDate "2017.??.??"]
[SourceDate "2016.10.07"]

1. b4 e5 2. Bb2 Nf6 3. b5 d6 4. c4 Be6 5. e3 Be7 6. Nf3 Nbd7 7. Be2 O-O 8. Nc3
h6 9. Qc2 Re8 10. O-O Nb6 11. d3 Bf5 12. e4 Bg4 13. a4 Nbd7 14. Nd5 Nxd5 15.
cxd5 Nc5 16. d4 Bxf3 17. Bxf3 exd4 18. Bxd4 Bf6 19. Bxf6 Qxf6 20. Rad1 b6 21.
Rfe1 Re5 22. Re3 Rae8 23. Rde1 R5e7 24. g3 Qd4 25. Rd1 Qb4 26. Rb1 Qa5 27. Rbe1
a6 28. bxa6 Qxa4 29. Qxa4 Nxa4 30. Ra1 Nc5 31. a7 Ra8 32. e5 Nb7 33. Rc3 dxe5
34. d6 cxd6 35. Bd5 Kf8 36. Rc6 Na5 37. Rxd6 Raxa7 38. Rxb6 g6 39. Rb5 Nc6 40.
Rxa7 Nxa7 41. Rb8+ Kg7 42. Kg2 Rc7 43. Re8 Kf6 44. Rb8 Nc8 45. h3 h5 46. h4 Ne7
47. Bb3 Nf5 48. Bd5 Re7 49. Rb6+ Kg7 50. Be4 Nd4 51. Rb8 Rd7 52. Re8 f5 53. Bd3
e4 54. Bc4 Kf6 55. Rf8+ Kg7 56. Rg8+ Kh7 57. Rc8 Nf3 58. Be2 Ne5 59. Re8 Ng4
60. Bxg4 hxg4 61. Kf1 Kg7 62. Ke2 Kf7 63. Rh8 Kf6 64. Ra8 Rd3 65. Ra6+ Kf7 66.
h5 gxh5 67. Rh6 Rf3 68. Rxh5 Kg6 69. Rh8 e3 70. fxe3 Rxg3 71. Rg8+ Kf7 72. Ra8
Rf3 73. Ra6 Rh3 74. Kf2 Ke7 75. Rb6 Rh2+ 76. Kf1 Rd2 77. Rg6 Rd6 78. Rg8 Kf7
79. Ra8 Kf6 80. Kf2 Rd2+ 81. Kg3 Re2 82. Re8 Kg5 83. Rg8+ Kf6 84. Re8 Rd2 85.
Rf8+ Ke6 86. Re8+ Kf7 87. Re5 Kf6 88. Re8 Rd6 89. Kf4 Kf7 90. Ra8 Kg6 91. Rg8+
Kh7 92. Rf8 Rg6 93. Rxf5 g3 94. Rh5+ Kg7 95. Rh1 Kf6 96. Rg1 g2 97. Kf3 Ke5 98.
Rxg2 Rxg2 99. Kxg2 Ke4 100. Kf2 Ke5 101. Kf3 Kf5 1/2-1/2

[Event "SC Gronau 1 - SK Dülmen 1"]
[Site "Regionalliga 2016/2017"]
[Date "2017.02.04"]
[Round "6.5"]
[White "Mohnke, Martin"]
[Black "Hoge, Torsten"]
[Result "1/2-1/2"]
[WhiteElo "1918"]
[BlackElo "1899"]
[PlyCount "92"]
[EventDate "2017.??.??"]
[SourceDate "2016.10.07"]

1. e4 e6 2. d4 d5 3. Nd2 Nf6 4. e5 Nfd7 5. Bd3 c5 6. c3 Nc6 7. Ne2 Qb6 8. Nf3
cxd4 9. cxd4 f6 10. exf6 Nxf6 11. O-O Bd6 12. Rb1 Nb4 13. Bf4 Nxd3 14. Qxd3 O-O
15. Bxd6 Qxd6 16. Ne5 Bd7 17. Rfe1 Nh5 18. Qe3 Bb5 19. Nc3 Be8 20. g3 Rf6 21.
Rbc1 a6 22. Ne2 Bb5 23. Nc3 Be8 24. Nd1 Bb5 25. Qc3 Raf8 26. Qc5 Qb8 27. b3 g5
28. a4 Be8 29. Qe7 Ng7 30. Rc7 R6f7 31. Nxf7 Rxf7 32. Qxg5 Rxc7 33. Rxe6 Bf7
34. Rd6 Rc8 35. Rd7 Rf8 36. Ne3 Kh8 37. Nxd5 Qe8 38. Re7 Qc6 39. Nf6 Bg6 40.
Nd7 Re8 41. Ne5 Qc2 42. Qf6 Qc1+ 43. Kg2 Be4+ 44. f3 Qc2+ 45. Kh3 Qc8+ 46. g4
Rxe7 1/2-1/2

[Event "SC Gronau 1 - SK Dülmen 1"]
[Site "Regionalliga 2016/2017"]
[Date "2017.02.04"]
[Round "6.6"]
[White "Reckzügel, Philipp"]
[Black "Lödding, Detlef"]
[Result "0-1"]
[WhiteElo "1914"]
[BlackElo "1873"]
[PlyCount "100"]
[EventDate "2017.??.??"]
[SourceDate "2016.10.07"]

1. d4 Nf6 2. c4 e6 3. Nf3 b6 4. Nc3 Bb7 5. e3 Be7 6. Bd3 d5 7. O-O O-O 8. b3
Nbd7 9. Bb2 c5 10. cxd5 exd5 11. Rc1 Rc8 12. Qe2 Re8 13. Rfd1 Bd6 14. Nb5 Bb8
15. dxc5 bxc5 16. Bf5 Rc6 17. Qd2 Rb6 18. Nc3 Qc7 19. Ne2 Ne4 20. Bxe4 Rxe4 21.
Nc3 d4 22. Nxe4 Bxe4 23. Qe2 Rf6 24. exd4 Bxf3 25. Qe8+ Nf8 26. Qe5 Qb7 27.
Qxc5 Bxd1 28. Rxd1 Qe4 29. Ba3 Bd6 30. Qxa7 Qe2 31. Rf1 Qxa2 32. Bc5 Qxb3 33.
h3 Qd5 34. Bxd6 Rxd6 35. Rd1 g6 36. Qe7 Rd7 37. Qf6 Rd6 38. Qe7 Qe6 39. Qg5 Rd5
40. Qe3 Qd7 41. Rd3 Kg7 42. h4 h5 43. f3 Ne6 44. g4 Qd6 45. gxh5 Qg3+ 46. Kf1
Rxh5 47. d5 Nf4 48. Qd4+ f6 49. Qa7+ Kh6 50. Qe3 Rxh4 0-1

[Event "SC Gronau 1 - SK Dülmen 1"]
[Site "Regionalliga 2016/2017"]
[Date "2017.02.04"]
[Round "6.7"]
[White "Kötting, Hans-Erich"]
[Black "Rothkegel, Jürgen"]
[Result "1/2-1/2"]
[WhiteElo "1837"]
[BlackElo "1846"]
[PlyCount "136"]
[EventDate "2017.??.??"]
[SourceDate "2016.10.07"]

1. d4 Nf6 2. Nf3 e6 3. Bf4 d5 4. e3 c5 5. c3 Nc6 6. Bd3 Bd6 7. Bg3 Bxg3 8. hxg3
cxd4 9. exd4 Qe7 10. Qe2 h6 11. Nbd2 Bd7 12. Ne5 Nxe5 13. dxe5 Nh7 14. f4 Bc6
15. Nf3 Nf8 16. Nd4 Nd7 17. O-O g6 18. Qc2 Nc5 19. Be2 Ne4 20. Rf3 a5 21. b4
axb4 22. Nxc6 bxc6 23. cxb4 O-O 24. Rb1 Qa7+ 25. Kh2 Qxa2 26. Rb2 Qa4 27. Rfb3
c5 28. bxc5 Rfc8 29. Bb5 Qd4 30. c6 Ra1 31. Rb1 Rxb1 32. Rxb1 Qc3 33. Qb3 Kg7
34. Rb2 Rc7 35. Rb1 f6 36. Bd3 Qxc6 37. Qb8 fxe5 38. Rb6 Qd7 39. Bb5 Qc8 40.
Qxc8 Rxc8 41. Rxe6 exf4 42. gxf4 Rd8 43. Bd3 Kf7 44. Rc6 Rd7 45. g4 Re7 46. Kg2
Nf6 47. g5 hxg5 48. fxg5 Ne4 49. Bxe4 dxe4 50. Rf6+ Kg7 51. Kf2 Rf7 52. Rxf7+
Kxf7 53. Ke3 Ke7 54. Kd4 Kd6 55. Kxe4 Ke6 56. Kf4 Kd5 57. Kf3 Ke5 58. Ke3 Kf5
59. Kf3 Kxg5 60. Kg3 Kf5 61. Kf3 g5 62. Kg3 g4 63. Kg2 Kf4 64. Kf2 g3+ 65. Kg2
Kg4 66. Kg1 Kf3 67. Kf1 g2+ 68. Kg1 Kg3 1/2-1/2

[Event "SC Gronau 1 - SK Dülmen 1"]
[Site "Regionalliga 2016/2017"]
[Date "2017.02.04"]
[Round "6.8"]
[White "Sprenger, Franz"]
[Black "Tecklenborg, Georg"]
[Result "1-0"]
[WhiteElo "1696"]
[BlackElo "1729"]
[PlyCount "115"]
[EventDate "2017.??.??"]
[SourceDate "2016.10.07"]

1. e4 c5 2. f4 g6 3. Nf3 Bg7 4. Bc4 e6 5. Nc3 a6 6. a4 Qc7 7. d3 Nc6 8. O-O
Nge7 9. Ne2 O-O 10. c3 d5 11. Ba2 dxe4 12. dxe4 b5 13. Be3 c4 14. Ned4 b4 15.
Qe2 bxc3 16. bxc3 e5 17. fxe5 Nxe5 18. Nxe5 Qxe5 19. Bf4 Qa5 20. Qxc4 Bb7 21.
Bc7 Qg5 22. Rxf7 Rxf7 23. Qxf7+ Kh8 24. Bf4 Qc5 25. Qc4 Qxc4 26. Bxc4 Rc8 27.
Rb1 Rxc4 28. Rxb7 Bf8 29. Ne6 Kg8 30. Rb8 Nc8 31. Nxf8 Kxf8 32. Be5 Ke7 33. Bd4
Nd6 34. Rb6 Nxe4 35. Rxa6 Nxc3 36. Bxc3 Rxc3 37. Ra7+ Kf6 38. Rxh7 Ra3 39. Rh4
Ra2 40. h3 Kf5 41. Rb4 Ra3 42. h4 Kf6 43. Kh2 Kf5 44. g3 Ra2+ 45. Kh3 Ra3 46.
Rb5+ Kf6 47. Ra5 Ra1 48. Kg4 Ra3 49. Kf4 Ra1 50. Ra6+ Kf7 51. Kg5 Ra3 52. g4
Rc3 53. Ra7+ Kg8 54. Kxg6 Rc6+ 55. Kh5 Rc5+ 56. g5 Rc6 57. g6 Rc8 58. a5 1-0